| 000 | 01058nam a22003135a 4500 | ||
|---|---|---|---|
| 001 | SSB011226 | ||
| 005 | 20141211145319.0 | ||
| 008 | 110121s2010 ph a 000 0 eng | ||
| 010 | _a2010440354 | ||
| 020 | _a9789710579044 | ||
| 040 |
_aDLC _cDLC |
||
| 042 | _alcode | ||
| 043 | _aa-ph--- | ||
| 050 |
_aHV 2474 _b.L697 2010 |
||
| 245 | 0 | 0 |
_aListen to unspoken words / _cJoaquin Benares ... [et al.]. |
| 260 |
_aManila, Philippines : _bArtPostAsia, _cc2010. |
||
| 300 |
_a79 pages : _billustrations (some colored) ; _c23 cm. |
||
| 504 | _aIncludes bibliographical references. | ||
| 505 |
_gMeeting new friends -- _tA Step before stepping in : sign lessons -- _tUnderstanding a world without spoken words -- _tListening with the heart : insights from the journey. |
||
| 521 | _aSpecial Education | ||
| 650 |
_aDeaf _xEducation. |
||
| 650 | 0 | _aSign language. | |
| 700 | _aYang, Krystel. | ||
| 700 | _aSchmid, Rhea. | ||
| 700 | _aKelly, Christine. | ||
| 700 | _aEduque, Michaela. | ||
| 700 | 1 | _aBenares, Joaquin. | |
| 942 |
_2lcc _cBK _kFIL |
||
| 999 |
_c276939 _d276939 |
||